000 00372 a2200157 4500
001 16665
020 _a9788564898004
040 _cAnchieta - Bela Vista
100 _aRibeiro,Luciana
240 1 0 _aAna folha e a turma do lixão
_lpor
245 1 0 _aAna folha e a turma do lixão
300 _a20
362 0 _a2011
650 4 _aLiteratura infanto-juvenil
942 _cBK
999 _c16665
_d16665